Barrages - Ligue 1 / Ligue 2 - Statistiques

Statistiques générales
  • Ce quiz a été pris 76 fois
  • Le résultat moyen est 20 sur 26
Statistiques - réponses
Saison Classement Club % Correct
3ème Ligue 2 FC Metz
97%
2023/2024 16ème Ligue 1 FC Metz
97%
3ème Ligue 2 AS Saint-Etienne
94%
2021/2022 18ème Ligue 1 AS Saint-Etienne
94%
2024/2025 16ème Ligue 1 Stade de Reims
92%
2016/2017 18ème de Ligue 1 FC Lorient
89%
5ème Ligue 2 Paris FC
88%
4ème Ligue 2 Paris FC
88%
5ème Ligue 2 Paris FC
88%
4ème Ligue 2 Paris FC
88%
2020/2021 18ème Ligue 1 FC Nantes
85%
3ème Ligue 2 AJ Auxerre
83%
4ème Ligue 2 USL Dunkerque
79%
5ème Ligue 2 EA Guingamp
77%
3ème Ligue 2 ES Troyes AC
76%
3ème Ligue 2 ES Troyes AC
76%
3ème Ligue 2 Toulouse FC
76%
2017/2018 18ème de Ligue 1 Toulouse FC
76%
4ème Ligue 2 Le Havre AC
73%
5ème Ligue 2 RC Lens
71%
3ème Ligue 2 AC Ajaccio
65%
4ème Ligue 2 Rodez AF
65%
5ème Ligue 2 Stade Brestois 29
64%
4ème Ligue 2 Grenoble Foot 38
59%
2018/2019 18ème de Ligue 1 Dijon FCO
58%
5ème Ligue 2 FC Sochaux-Montbéliard
52%
Aucun quiz correspondant
Distribution des résultats
% des personnes avec chaque résultat
Percentile par nombre de réponses
Votre historique - résultats
Vous n’avez pas pris ce quiz